000 00510nam a2200205Ia 4500
003 0100
008 130307s9999 xx 000 0 und d
040 _cARRUPELIB
050 _aB1583.F7
100 _aColeridge, Samuel Taylor
245 4 _aThe friend
245 _ba series of essays to aid in the formation of fixed principles in politics, mora
260 _aLondon
260 _bGeorge Bell and sons
260 _c1899
300 _a389p.
300 _b19cm
650 _aPHILOSOPHY
942 0 0 _01
999 _c91125
_d91125